Statistics for The Rihanna Quiz

Click here to take the quiz!

General Stats

  • This quiz has been taken 583 times
    (443 since last reset)
  • The average score is 10 of 21

Answer Stats

HintAnswer% Correct
Her age at the time of her first recording contract signing16
92%
Country where she was bornBarbados
91%
Ex-boyfriend responsible for a domestic violence scandalChris Brown
88%
Her last nameFenty
80%
Rapper who claims to be "in love with [her] since I was 22 years old"Drake
76%
Her first nameRobyn
73%
"Come Mr. DJ song _______________/ Come Mr. DJ won't you turn the music up?"Pon de Replay
67%
Only Girl (In the World)
64%
Year on which she won the Michael Jackson Vanguard Award2016
58%
Songs featuring Rihanna and the rapper aboveWork
57%
What's My Name?
47%
Good Girl Gone Bad
43%
Her first #1 hit single in the U.S.SOS
39%
Take Care
38%
Movie that landed her a 'Razzie' award for worst actressBattleship
26%
Too Good
26%
Her first #1 album in the U.S.Unapologetic
22%
A Girl like Me
19%
Number of times she says "Work" on her latest #1 single79
11%
Company that bought 1 million copies of the album "ANTI"Samsung
9%
Songs with the word "girl" in the titleSelfish Girl
4%

Score Distribution

Percentile by Number Answered

Percent of People with Each Score

Your Score History

You have not taken this quiz since the last reset